000 00523nam a2200193Ia 4500
005 20250326143732.0
008 250326s9999 xx 000 0 und d
020 _a1-56327-081-1
037 _aTextbook
040 _aFMSL
_beng
_cFMSL
041 _aeng
_2eng
084 _aX:89Q N7
_qFMSL
100 _aJ I P M
_9748458
245 0 _aFocused equipment improvement for TPM teams
_cJ I P M
260 _aNY
_bNY, Productivity
_c1997
300 _a125p
942 _cTB
_hX:89Q N7
999 _c1300798
_d1300798